00610nam a2200157 450000500170000000800410001708200170005810000190007524500770009426000780017130000110024965000150026094200070027599900170028295201530029920260414103003.0260414b |||||||| |||| 00| 0 eng d a158.1bMUH-T aMuhammad Jamil aThe Art of Character Building bDescriptive Study : Theory and Practice  aPakistan bChaudhar Publisher, Fazal Abad Sharif, Darya Gali Murreec2023 a159 p. aEducation  cBK c47302d47302 00w2026-04-141040708EducationaAUSCbAUSCcEducationd2026-04-14eGifted by Dr. Sadaf Zamir l0o158.1 MUH-TpAUHEG0039r2026-04-14 10:31:37yBK